| 000 | 00745nam a2200229 i 4500 | ||
|---|---|---|---|
| 001 | 141254 | ||
| 003 | ES-MaACL | ||
| 005 | 20250828112643.0 | ||
| 007 | t| | ||
| 008 | 070920s1968 sp ||||1| spa d | ||
| 100 | 1 |
_aWilson, John. _9117035 |
|
| 245 | 1 | 0 |
_aLo absurdo de nuestra moral sexual / _cJohn Wilson ; [traducido por José Luis Lana]. |
| 250 | _a1ª ed. | ||
| 260 |
_aBarcelona : _bFontanella, _c1968. |
||
| 300 |
_a355 p. ; _c19 cm. |
||
| 490 | 1 |
_aSexualidad y educación. Serie Sexualidad ; _v13 |
|
| 650 | 7 |
_aÉtica sexual _2embne _912591 |
|
| 700 | 1 |
_aLana, José Luis. _969884 |
|
| 830 | 0 | 0 |
_aSexualidad y educación (Fontanella) _v13 _9230162 |
| 852 |
_aES-MaACL _jC-51445 _bR.67109 |
||
| 999 |
_c141254 _d141254 |
||